[Event "Teresina-ch"]
[Site "Teresina"]
[Date "2024.03.09"]
[Round "3"]
[White "Sousa, Gerson Tajra"]
[Black "Lima, Francisco Luciano"]
[Result "1/2-1/2"]
[WhiteElo "1727"]
[BlackElo "1827"]
[PlyCount "120"]
[EventDate "2024.03.07"]
[EventType "swiss"]
[EventRounds "6"]
[EventCountry "BRA"]
[SourceTitle "CB11_2024"]
[SourceDate "2024.03.13"]
[SourceVersion "1"]
[SourceVersionDate "2024.03.13"]
[SourceQuality "1"]

1. e4 c5 2. Nf3 Nc6 3. d4 cxd4 4. Nxd4 Nf6 5. Nc3 e5 6. Nxc6 bxc6 7. a3 Bc5 8. Bc4 0-0 9. 0-0 d6 10. Bg5 h6 11. Bh4 g5 12. Bg3 Bg4 13. Be2 Be6 14. Bd3 Qc7 15. Na4 Bd4 16. c3 Bb6 17. Nxb6 Qxb6 18. b4 a5 19. Kh1 a4 20. Bc2 Bb3 21. Bxb3 axb3 22. f3 Rfd8 23. Qxb3 Qb5 24. a4 Qb7 25. Rfb1 Kg7 26. c4 h5 27. h3 g4 28. Qe3 Nh7 29. fxg4 hxg4 30. Bh4 f6 31. Qg3 Qd7 32. Qxg4+ Qxg4 33. hxg4 Rh8 34. Kg1 Nf8 35. Bf2 Kf7 36. b5 cxb5 37. axb5 Rc8 38. Rc1 Nd7 39. Ba7 Rh4 40. Kf2 Rxg4 41. Kf3 Rcg8 42. Rg1 Ke6 43. g3 f5 44. exf5+ Kxf5 45. Rac1 e4+ 46. Kf2 Ne5 47. Ke3 Nf3 48. Rg2 Rxg3 49. Rxg3 Rxg3 50. Kf2 Rg7 51. b6 Ke5 52. Rb1 Rb7 53. Ke3 Nd4 54. Rh1 Nf5+ 55. Kf2 Kd4 56. Rh8 Ne7 57. Rb8 Rxb8 58. Bxb8 Nc6 59. Bxd6 Kxc4 60. Ke3 Kd5 1/2-1/2